[Event "ROM-ch Girls"]
[Site "Singeorz"]
[Date "1993.??.??"]
[Round "?"]
[White "Peptan, Corina"]
[Black "Sasu Ducsoara, Andrea"]
[Result "0-1"]
[WhiteElo "2315"]
[BlackElo "2070"]

1.e4 d6 2.d4 Nf6 3.Nc3 e5 4.Nf3 exd4 5.Nxd4 g6 6.Bf4 Bg7 7.Qd2 O-O 8.O-O-O Re8
9.f3 Nc6 10.Nxc6 bxc6 11.e5 Nd5 12.Nxd5 cxd5 13.Bg5 Qd7 14.Qxd5 Rb8 15.Bf6 Bxf6
16.exf6 Qe6 17.Qxe6 Rxe6 18.Bc4 Rxf6 19.Rhe1 Be6 20.Re4 Bxc4 21.Rxc4 Rb7
22.Re1 Re6 23.Rce4 Rxe4 24.Rxe4 Kf8 25.b3 d5 26.Ra4 Ke7 27.Ra6 Kd7 28.Kd2 c6
29.Kd3 Kd6 30.Kd4 Re7 31.Kd3 Kc5 32.a4 Rc7 33.c3 Kd6 34.b4 Ke5 35.g3 g5 36.Ke3 h5
37.f4+ gxf4+ 38.gxf4+ Kf5 39.Kf3 f6 40.c4 dxc4 41.Ra5+ c5 42.bxc5 Rc6 43.Ke3 a6
44.Kd4 Kxf4 45.Kxc4 Ke5 46.Rb5 axb5+ 47.axb5 Rc8 48.b6 f5 49.Kb5 Kd5 50.b7 Rxc5+  0-1

[Event "SLO-chT"]
[Site "?"]
[Date "1993.??.??"]
[Round "?"]
[White "Roskar, Robert"]
[Black "Cander, Mitja"]
[Result "1-0"]
[WhiteElo "2100"]
[BlackElo "2245"]

1.e4 d6 2.d4 Nf6 3.Nc3 e5 4.dxe5 dxe5 5.Qxd8+ Kxd8 6.Bc4 Be6 7.Bxe6 fxe6
8.Be3 Bd6 9.O-O-O Nc6 10.f3 a6 11.Na4 Ke7 12.Nc5 Rab8 13.Ne2 b6 14.Nd3 a5
15.a4 b5 16.axb5 Rxb5 17.c4 Rb3 18.c5 Nb4 19.Nc3 Rb8 20.Kd2 Nxd3 21.Kxd3 Rxb2
22.Rb1 Kd7 23.cxd6 cxd6 24.Bd2 R2b4 25.Rxb4 Rxb4 26.Ra1 d5 27.Rxa5 Rd4+ 28.Ke3 dxe4
29.Nxe4 Nd5+ 30.Ke2  1-0

[Event "Sochi"]
[Site "Sochi"]
[Date "1993.??.??"]
[Round "?"]
[White "Ryskin, Alexander"]
[Black "Cherniaev, Alexander"]
[Result "1-0"]
[WhiteElo "2515"]
[BlackElo "2420"]

1.d4 d6 2.e4 Nf6 3.Nc3 Nbd7 4.f4 e5 5.fxe5 dxe5 6.dxe5 Nxe5 7.Qxd8+ Kxd8
8.Nf3 Bd6 9.Bg5 h6 10.Bh4 Ng6 11.Bxf6+ gxf6 12.O-O-O Be6 13.Nd5 Bxd5 14.exd5 Ne5
15.Rd4 Nxf3 16.gxf3 f5 17.Bd3 Bc5 18.Rh4 Be3+ 19.Kb1 f4 20.Rh5 Ke7 21.Be4 Rag8
22.h4 b6 23.a4 f6 24.Ka2 Bd4 25.Rd1 Be5 26.Rd2 Rg1 27.Kb3 Kd6 28.c3 a6 29.Bd3 Rg3
30.Rf2 b5 31.axb5 axb5 32.Kb4 Kxd5 33.Be4+ Ke6 34.Rd2 Ke7 35.Kxb5 Rgg8 36.Kc6 Rd8
37.Rg2 Rb8 38.Kc5 Rb6 39.Kc4 Ra6 40.Rg7+ Kd6 41.Rxe5 Kxe5 42.Rxc7 Kd6 43.Rc5 Rb8
44.b4 Ra2 45.Rc6+ Ke5 46.Bd5 Rh2 47.Re6+ Kf5 48.Re7 Rxh4 49.Be4+ Kg5 50.Rg7+ Kh5
51.Bg6+ Kg5 52.Be8+ Kf5 53.Bd7+ Ke5  1-0

[Event "Sochi"]
[Site "Sochi"]
[Date "1993.??.??"]
[Round "?"]
[White "Beshukov, Sergei"]
[Black "Tregubov, Pavel V"]
[Result "1/2-1/2"]
[WhiteElo "2445"]
[BlackElo "2475"]

1.e4 d6 2.d4 Nf6 3.Nc3 e5 4.dxe5 dxe5 5.Qxd8+ Kxd8 6.Bg5 Be6 7.O-O-O+ Nd7
8.Nf3 Kc8 9.Nd2 Ng4 10.Bh4 Bc5 11.f3 Nf2 12.Bxf2 Bxf2 13.Bc4 Re8  1/2-1/2

[Event "St Petersburg op"]
[Site "St Petersburg"]
[Date "1993.??.??"]
[Round "?"]
[White "Petrushin, Alexander I"]
[Black "Rashkovsky, Nukhim N"]
[Result "1-0"]
[WhiteElo "2410"]
[BlackElo "2530"]

1.e4 d6 2.d4 Nf6 3.Nc3 c6 4.h3 e5 5.Nf3 Qc7 6.a4 a5 7.Bc4 Be7 8.O-O O-O 9.Be3 Na6
10.Nd2 Nb4 11.Bb3 Nd7 12.f4 exd4 13.Bxd4 Bf6 14.Nc4 Rd8 15.e5 d5 16.Ne3 Be7
17.Ng4 c5 18.Be3 c4 19.Nb5 Qc6 20.Nd4 Qa6 21.Ba2 f6 22.Nf5 Bf8 23.Bd4 fxe5
24.fxe5 Qe6 25.Bb1 Nc6 26.c3 Nxd4 27.cxd4 Ra6 28.Qc2 g6 29.Nfh6+ Bxh6 30.Nxh6+ Kg7
31.Rf7+ Qxf7 32.Nxf7 Kxf7 33.Ra3 Nf8 34.Rf3+ Kg7 35.Qf2 Be6 36.Rf6  1-0

[Event "St Petersburg op"]
[Site "St Petersburg"]
[Date "1993.??.??"]
[Round "?"]
[White "Vorontsov, Nickolay"]
[Black "Nikolaidis, Ioannis"]
[Result "1/2-1/2"]
[WhiteElo "2355"]
[BlackElo "2440"]

1.e4 d6 2.d4 Nf6 3.Nc3 e5 4.dxe5 dxe5 5.Qxd8+ Kxd8 6.Bg5 Be6 7.O-O-O+ Nd7
8.a3 h6 9.Bd2 Bc5 10.f3 c6  1/2-1/2

[Event "St Petersburg op"]
[Site "St Petersburg"]
[Date "1993.??.??"]
[Round "?"]
[White "Zvjaginsev, Vadim"]
[Black "Minnullin, Albert"]
[Result "1-0"]
[WhiteElo "2455"]
[BlackElo "2300"]

1.d4 d6 2.e4 Nf6 3.Nc3 e5 4.Nf3 Nbd7 5.Bc4 Be7 6.O-O c6 7.a4 Qc7 8.Ba2 h6
9.h3 Nf8 10.Nh4 Ne6 11.Nf5 Bf8 12.d5 Ng5 13.Ng3 c5 14.f4 exf4 15.Bxf4 Nd7
16.h4 Nh7 17.Nb5 Qb6 18.Nf5 Ne5 19.Bxe5 dxe5 20.d6 Bxf5 21.Nc7+ Kd8 22.Nxa8 Qxd6
23.Rxf5 Nf6 24.Bxf7 Kc8 25.Qxd6 Bxd6 26.Rd1 Rd8 27.g4 c4 28.Kg2 Nxg4 29.Be6+  1-0

[Event "Stockholm op"]
[Site "Stockholm"]
[Date "1993.??.??"]
[Round "?"]
[White "Wedberg, Tom"]
[Black "Eriksson, Johan"]
[Result "1-0"]
[WhiteElo "2460"]
[BlackElo "2305"]

1.e4 d6 2.d4 Nf6 3.Nc3 c6 4.Nf3 Bg4 5.h3 Bh5 6.Bd3 e6 7.Be3 Be7 8.Qe2 d5
9.O-O-O Bg6 10.e5 Bxd3 11.Qxd3 Nfd7 12.h4 c5 13.dxc5 Nxc5 14.Bxc5 Bxc5 15.Qb5+ Nd7
16.Nxd5 exd5 17.Rxd5 a6 18.Qxb7 Ra7 19.Qc6 O-O 20.Rhd1 Qa5 21.Rxd7 Rxd7 22.Rxd7 Bxf2
23.Qd5 Qb4 24.c4 h6 25.Rd8 Bxh4 26.Rxf8+ Kxf8 27.Qa8+ Ke7 28.Qa7+ Kf8 29.Qxa6 Bg5+
30.Kc2 Kg8 31.Qb5 Qe7 32.c5 f6 33.c6 fxe5 34.Qc4+  1-0

[Event "Rilton Cup op9394"]
[Site "Stockholm"]
[Date "1993.??.??"]
[Round "6"]
[White "Cramling, Pia"]
[Black "Agrest, Evgenij"]
[Result "1/2-1/2"]
[WhiteElo "2525"]
[BlackElo "2465"]

1.d4 d6 2.e4 Nf6 3.Nc3 e5 4.Nf3 Nbd7 5.Bc4 Be7 6.O-O O-O 7.Re1 c6 8.a4 b6
9.d5 Bb7 10.Bg5 Rc8 11.Bxf6 Nxf6 12.dxc6 Rxc6 13.Qd3 Rc5 14.Nd2 Nh5 15.g3 Nf6
16.Nb3 Rc7 17.a5 Qc8 18.Nd2 Qh3 19.Nf3 Qg4 20.Nd2 Qh3 21.Nf3 Qh5 22.Ra4 Kh8
23.axb6 axb6 24.Nd5 Bxd5 25.Bxd5 Nxd5 26.exd5 Qg6 27.Qxg6 fxg6 28.Kg2 Rxc2
29.Ra7 Bf6 30.Rd7 h5 31.Rxd6 g5 32.Rc6 Rxb2 33.h3 Rd8 34.d6 Kg8 35.g4 hxg4
36.hxg4 Rb4 37.Nxe5 Bxe5 38.Rxe5 Rxg4+ 39.Kf3 Rd4 40.Rxb6  1/2-1/2

[Event "Stribrna Skalice"]
[Site "Stribrna Skalice"]
[Date "1993.??.??"]
[Round "2"]
[White "Proehl, Holger"]
[Black "Hausner, Ivan"]
[Result "0-1"]
[WhiteElo "2315"]
[BlackElo "2480"]

1.e4 d6 2.d4 Nf6 3.Nc3 c6 4.f4 Qa5 5.Bd3 e5 6.dxe5 dxe5 7.Nf3 Bg4 8.fxe5 Nfd7
9.e6 Bxe6 10.O-O Be7 11.Qe1 Nc5 12.Be3 Nbd7 13.a3 Qc7 14.b4 Nxd3 15.cxd3 Nf6
16.Rc1 Qd8 17.Bd4 a5 18.Ne2 O-O 19.Qc3 Nh5 20.Bc5 Re8 21.Bxe7 Rxe7 22.Rb1 axb4
23.Rxb4 Qa5 24.a4 Nf6 25.h3 Rd8 26.Rd4 Qa7 27.Rb1 Rc8 28.Nf4 h6 29.Kh1 Qb8
30.Nxe6 Rxe6 31.Rdb4 Re7 32.Nd4 Nh5 33.Nf5 Ng3+ 34.Nxg3 Qxg3 35.Rf1 Rd8 36.Rf3 Qc7
37.Rb1 Ra8 38.Qc4 Qa5 39.Rbf1 Qxa4 40.Qc5 Qa3 41.Qh5 Ra5 42.Qg4 Rg5 43.Qc8+ Kh7
44.h4 Rg6 45.Qf5 Qa2 46.R3f2 Qe6 47.h5 Qxf5 48.Rxf5 Rg5 49.Rxf7 Rxh5+ 50.Kg1 Rhe5
51.R7f3 Rd7 52.Kf2 Rg5 53.Rd1 c5 54.Rb1 Rg6 55.Rc1 b6 56.Rb1 c4 57.dxc4 Rd2+
58.Ke3 Rdxg2 59.Rb5 Rc6 60.Rf1 Rc2 61.Rfb1 Rc3+ 62.Kf4 R6xc4 63.Rxb6 Rh3
64.Re1 Rh5 65.Rb7 Rg5 66.Rb6 Ra4 67.Rd6 Rga5 68.Rd7 Ra1 69.Rdd1 Rxd1 70.Rxd1 Kg6
71.Rg1+ Kf7 72.Rb1 Ra6 73.Rb7+ Kg6 74.Rb5 Re6 75.Ra5 Kf7 76.Ra7+ Kf6 77.e5+ Kg6
78.Ra4 h5 79.Rd4 Ra6 80.Re4 Ra8 81.Re1 Ra4+ 82.Kg3 Kf7 83.Rh1 Rg4+ 84.Kf3 g6
85.Ra1 Ke6 86.Ra5 Kf5 87.Rb5 Ra4 88.Rc5 Ra3+ 89.Kf2 Ra4 90.Kf3 Rf4+ 91.Kg3 Re4
92.e6+ Kxe6 93.Kf3 Re5 94.Rc4 Kf5 95.Rc3 g5 96.Kg3 h4+ 97.Kh3 Kf4 98.Rc4+ Re4
99.Rc8 Re3+ 100.Kg2 Re2+ 101.Kf1 Ra2 102.Rc3 g4 103.Kg1 h3 104.Rc4+ Kg3 105.Rc3+ Kh4
106.Rc4 Rg2+ 107.Kh1 Re2 108.Kg1 Kg3 109.Rc3+ Kf4 110.Rc8 g3 111.Rf8+ Ke3
112.Re8+ Kd2 113.Rd8+ Kc1 114.Rc8+ Kb2 115.Rb8+ Kc3 116.Rc8+ Kd4 117.Rd8+ Kc5
118.Rc8+ Kb6 119.Rb8+ Kc7 120.Rb1 Rc2 121.Rd1 Kc6 122.Re1 Kd5 123.Rd1+ Kc4
124.Ra1 Kb3 125.Rb1+ Ka2 126.Rd1 Kb2  0-1

[Event "Stribrna Skalice"]
[Site "Stribrna Skalice"]
[Date "1993.??.??"]
[Round "4"]
[White "Pribyl, Martin"]
[Black "Wolter, Kai"]
[Result "1-0"]
[WhiteElo "2265"]
[BlackElo "2250"]

1.e4 d6 2.d4 Nf6 3.Nc3 e5 4.dxe5 dxe5 5.Qxd8+ Kxd8 6.Bc4 Be6 7.Bxe6 fxe6
8.Bg5 Bd6 9.O-O-O Nc6 10.Nb5 Ke7 11.Nxd6 cxd6 12.f3 Rac8 13.Ne2 Rhd8 14.Nc3 a6
15.a4 Na5 16.Rd3 Rc6 17.Kb1 Rb8 18.b3 b5 19.Rc1 h6 20.Bd2 Nc4 21.Be1 bxa4
22.Nxa4 d5 23.Ka2 Nd6 24.Bg3 dxe4 25.fxe4 Nf7 26.Nc3 Rbc8 27.Kb2 R8c7 28.Ra1 Rc8
29.Ra5 Nd7 30.Be1 Nd6 31.Rg3 Kf7 32.Rf3+ Kg8 33.Bg3 Nb5 34.Be1 Nd4 35.Rd3 Nc5
36.Rd1 Rb8 37.Rc1 Ndxb3 38.cxb3 Nxb3 39.Rxe5 Nxc1+ 40.Kxc1 Rb4 41.Kc2 Kf7
42.Kd3 Rb2 43.Ne2 Rcc2 44.Nf4 Rc1 45.Bc3 Ra2 46.Rc5 Rd1+ 47.Ke3 Rd7 48.h4 Rb7
49.h5 Ra3 50.Ng6 Ke8 51.Kf4 Rab3 52.Rc6 Kd7 53.Ne5+ Kd8 54.Ba5+ Ke7 55.Be1 Rb8
56.Bh4+ Kf8 57.Nd7+ Kf7 58.Nxb8 Rxb8 59.Rxa6 Rb5 60.Ra7+  1-0

[Event "Stribrna Skalice"]
[Site "Stribrna Skalice"]
[Date "1993.??.??"]
[Round "5"]
[White "Emunds, Hans Georg"]
[Black "Pribyl, Martin"]
[Result "1-0"]
[WhiteElo "2275"]
[BlackElo "2265"]

1.e4 d6 2.d4 Nf6 3.Nc3 c6 4.f4 Qa5 5.Bd3 e5 6.Nf3 Bg4 7.Be3 Nbd7 8.Qd2 Be7
9.O-O-O Bxf3 10.gxf3 O-O-O 11.Kb1 Kb8 12.Ne2 Qxd2 13.Rxd2 Nh5 14.fxe5 dxe5
15.c3 g5 16.Ng3 Ng7 17.Bf1 f6 18.Bh3 Nb6 19.b3 Bd6 20.Rhd1 Kc7 21.a4 h5 22.a5 Nc8
23.dxe5 Bxe5 24.Rd7+ Rxd7 25.Rxd7+ Kb8 26.Rxg7 g4 27.fxg4 f5 28.Nxf5 Bxg7
29.Nxg7 hxg4 30.Bxg4 Rg8 31.Bf4+ Ka8 32.h3 Ne7 33.Ne6 a6 34.Kc2 c5 35.Nxc5 Nc6
36.b4  1-0

[Event "SWZ-chT"]
[Site "?"]
[Date "1993.??.??"]
[Round "?"]
[White "Ruefenacht, Matthias"]
[Black "Denoth, Mario"]
[Result "1-0"]
[WhiteElo "2360"]
[BlackElo "2260"]

1.e4 d6 2.d4 Nf6 3.Nc3 e5 4.Nf3 exd4 5.Nxd4 Be7 6.Be2 O-O 7.O-O c5 8.Nb3 Be6
9.f4 Nc6 10.Kh1 Qc8 11.Be3 a6 12.Bf3 Re8 13.Rg1 b5 14.g4 b4 15.Nd5 Bxd5 16.exd5 Nb8
17.Nd2 Bf8 18.g5 Nfd7 19.Nc4 Qc7 20.Bg4 Nb6 21.Nxb6 Qxb6 22.Rg3 Qd8 23.a3 Nd7
24.Bd2 a5 25.axb4 axb4 26.Rxa8 Qxa8 27.Bxd7 Qxd5+ 28.Rg2 Re4 29.Bg4 Rd4 30.Bf3 Qa2
31.Qc1  1-0

[Event "EU-ch U14 Girls"]
[Site "Szombathely"]
[Date "1993.??.??"]
[Round "5"]
[White "Kiss, Fernanda"]
[Black "Zhukova, Natalia"]
[Result "0-1"]
[WhiteElo "2080"]
[BlackElo "2275"]

1.e4 d6 2.d4 Nf6 3.Nc3 c6 4.f4 Qa5 5.Bd3 e5 6.dxe5 dxe5 7.fxe5 Ng4 8.h3 Nxe5
9.Nf3 Bd6 10.O-O O-O 11.Be3 Nbd7 12.Bd4 b5 13.a3 Bb8 14.Kh1 Bb7 15.Nxe5 Nxe5
16.Rf5 f6 17.Bg1 a6 18.Qf1 Qc7 19.Bh2 Qe7 20.Rd1 Bc8 21.Rf2 Be6 22.Rfd2 Bc7
23.Be2 Rab8 24.Bg1 a5 25.Bf2 Ng6 26.Qg1 Qe8 27.Bh5 Qc8 28.Bc5 Re8 29.Bd6 Bxd6
30.Rxd6 b4 31.Ne2 Bf7 32.Qc5 Rb5 33.Qd4 Rxh5 34.axb4 axb4 35.Qxb4 Rhe5 36.Ng3 h5
37.Qc3 c5 38.R6d2 Be6 39.Nf5 Bxf5 40.exf5 Qxf5  0-1

[Event "Tel Aviv ASA"]
[Site "Tel Aviv"]
[Date "1993.??.??"]
[Round "2"]
[White "Afek, Yochanan"]
[Black "Klinova, Masha"]
[Result "1/2-1/2"]
[WhiteElo "2430"]
[BlackElo "2265"]

1.e4 d6 2.d4 Nf6 3.Nc3 c6 4.f3 Nbd7 5.Be3 e5 6.Qd2 Be7 7.O-O-O Qa5 8.g4 a6
9.g5 Nh5 10.Nge2 b5 11.a3 Nb6 12.Ng3 Nxg3 13.hxg3 Be6 14.f4 exf4 15.gxf4 d5
16.f5 Bd7 17.g6 fxg6 18.fxg6 h6 19.exd5 cxd5 20.Re1 O-O-O 21.Nxb5 Qxd2+ 22.Bxd2 Rhe8
23.Nc3 Kb7 24.Bg2 Bc6 25.Bf4 Nc4 26.Be5 Bg5+ 27.Kb1 Bd2 28.Ref1 Nxe5 29.dxe5 Bxc3
30.Rf7+ Rd7 31.Bxd5 Rxf7 32.gxf7 Rf8 33.Bxc6+ Kxc6 34.bxc3 Rxf7 35.Rd1 Rd7
36.Rg1 g5 37.Rh1 Rh7 38.Rd1 h5 39.Rd6+ Kc5 40.Rg6 g4 41.e6 Kc4 42.Kb2 Rb7+
43.Kc1 Kxc3 44.Rg5 Re7 45.Rxh5 Rxe6 46.Rc5+ Kd4 47.Rg5 Re4 48.Kd2 Rf4 49.Rg6 a5
50.Rg5 a4 51.Ra5 Rf2+ 52.Ke1 Rxc2 53.Rxa4+  1/2-1/2

[Event "Tel Aviv ASA"]
[Site "Tel Aviv"]
[Date "1993.??.??"]
[Round "5"]
[White "Shrentzel, Mordechai"]
[Black "Oratovsky, Michael"]
[Result "1/2-1/2"]
[WhiteElo "2300"]
[BlackElo "2340"]

1.e4 d6 2.d4 Nf6 3.Nc3 c6 4.Nf3 Bg4 5.Be2 e6 6.O-O d5 7.Ne5 Bxe2 8.Qxe2 dxe4
9.Rd1 Nbd7 10.Nxd7 Qxd7 11.Nxe4 Be7 12.c4 Rd8  1/2-1/2

[Event "Tel Aviv ASA"]
[Site "Tel Aviv"]
[Date "1993.??.??"]
[Round "8"]
[White "Vertkin, Sergey"]
[Black "Klinova, Masha"]
[Result "0-1"]
[WhiteElo "2290"]
[BlackElo "2265"]

1.e4 d6 2.d4 Nf6 3.Nc3 c6 4.Bg5 Nbd7 5.Qd2 e5 6.O-O-O h6 7.Bh4 Be7 8.Bg3 b5
9.Re1 Qa5 10.Nf3 b4 11.Nb1 O-O 12.c3 Qxa2 13.cxb4 Rb8 14.Re3 Qe6 15.Nc3 Ng4
16.d5 cxd5 17.exd5 Qg6 18.Re4 f5 19.Rc4 Qf7 20.h3 Ngf6 21.Rc7 Rb7 22.Rc6 Nb6
23.Nb5 Nbxd5 24.Nxd6 Bxd6 25.Rxd6 Qc7+ 26.Kb1 Qxd6 27.Nxe5  0-1

[Event "Tilburg"]
[Site "Tilburg"]
[Date "1993.??.??"]
[Round "2"]
[White "Hjartarson, Johann"]
[Black "Malaniuk, Vladimir P"]
[Result "0-1"]
[WhiteElo "2605"]
[BlackElo "2635"]

1.e4 d6 2.d4 Nf6 3.Nc3 e5 4.Nf3 Nbd7 5.Bc4 Be7 6.O-O O-O 7.Re1 c6 8.a4 Qc7
9.Ba2 b6 10.Nh4 exd4 11.Qxd4 Nc5 12.b4 Ng4 13.Nf3 Bf6 14.Qd2 Nxa4 15.Bxf7+ Qxf7
16.Rxa4 Ne5 17.Nxe5 Bxe5 18.Nd1 Qh5 19.g3 Bh3 20.Ra3 Rf3 21.Qe2 Raf8 22.Rxa7 b5
23.c3 h6 24.Be3 Bg4 25.Qd2 Kh7 26.Nb2 Qh3 27.Nd3 R8f6 28.Bd4 Qh5 29.Re7 Be6
30.Bxe5 dxe5 31.h4 Qg4 32.Re3 Rxe3 33.Qxe3 Rf3 34.Qd2 Qxe4 35.Nc5 Qb1+ 36.Kh2 Bd5  0-1

[Event "Timisoara zt-A (Women)"]
[Site "Timisoara"]
[Date "1993.??.??"]
[Round "2"]
[White "Bednarska, Malgorzata"]
[Black "Krupkova, Petra"]
[Result "1-0"]
[WhiteElo "2180"]
[BlackElo "2210"]

1.e4 d6 2.d4 Nf6 3.Nc3 c6 4.f4 Qa5 5.Bd2 e5 6.Nf3 Bg4 7.dxe5 dxe5 8.h3 Bxf3
9.Qxf3 Nbd7 10.g4 exf4 11.Qxf4 Qe5 12.O-O-O O-O-O 13.Bc4 Bd6 14.Qe3 Nc5 15.Rhf1 Nfxe4
16.Rf5 Qe8 17.Bxf7 Qe7 18.Nxe4 Nxe4 19.Re1 g6 20.Rff1 Nxd2 21.Qxd2 Qc7 22.Be6+ Kb8
23.Rf7 Be7 24.Qe2 Rhf8 25.Rxf8 Bxf8 26.g5 Bd6 27.h4 Bf4+ 28.Kb1 Rd2 29.Qf3 Qd6
30.a3 Bg3 31.Rf1 Bxh4 32.Qf8+ Kc7 33.Rf7+ Kb6 34.Qc8 Ka5 35.Rxb7 a6 36.Ra7 c5
37.Bc4  1-0

[Event "EU-ch U18"]
[Site "Vejen"]
[Date "1993.??.??"]
[Round "6"]
[White "Papaioannou, Ioannis"]
[Black "Oratovsky, Michael"]
[Result "1/2-1/2"]
[WhiteElo "2385"]
[BlackElo "2420"]

1.d4 d6 2.e4 Nf6 3.Nc3 c6 4.Nf3 Bg4 5.h3 Bh5 6.Bd3 e6 7.Qe2 d5 8.exd5 Bxf3
9.Qxf3 cxd5 10.Ne2 Nc6 11.c3 a6 12.O-O Rc8 13.Ng3 Be7 14.Bg5 O-O 15.Rae1 Ne8
16.Bc1 g6 17.Bh6 Ng7 18.Qe3 Re8 19.Re2 Bh4 20.Qf4 Na5 21.Qg4 Nc4 22.Rfe1 Nd6
23.Bf4 Nc4 24.Nf1 b5 25.Nh2 h5 26.Qf3 Be7 27.g4 Bd6 28.Kh1 Bxf4 29.Qxf4 Qh4
30.Kg2 hxg4 31.Nxg4 Kf8 32.Bxg6 Re7 33.Bd3 f5 34.Bxc4 bxc4 35.Ne5 Qxf4 36.Ng6+ Kf7
37.Nxf4 Rce8 38.b3 Rc7 39.b4 Rc6 40.h4 Rh8 41.Rh1 Nh5 42.Nh3 Rg8+ 43.Ng5+ Ke7
44.Kf3 Nf6 45.a4 Ne4 46.Nxe4 fxe4+ 47.Ke3 Rcc8 48.Ree1 Rcf8 49.Rh3 Rg4 50.Reh1 Rgf4
51.R1h2 Rf3+ 52.Rxf3 Rxf3+ 53.Kd2 Kf6 54.h5 Kg7 55.h6+ Kh7 56.Kc2 Rf7 57.Kb2 Rf8
58.Ka3 Rf3 59.Kb2 Rf7 60.Kc1 Rf8 61.Kc2 Rf7 62.a5 Rf8 63.Kc1 Rf7 64.Kb2 Rf3  1/2-1/2

[Event "EU-ch U18"]
[Site "Vejen"]
[Date "1993.??.??"]
[Round "10"]
[White "Skrebnevskis, Romanas"]
[Black "Savko, Alexei"]
[Result "1/2-1/2"]
[WhiteElo "2105"]
[BlackElo "2340"]

1.e4 d6 2.d4 Nf6 3.Nc3 e5 4.Nf3 Nbd7 5.Bc4 Be7 6.O-O O-O 7.h3 c6 8.Re1 b5
9.Bf1 Bb7 10.Nb1 a6 11.c3 Re8 12.Nbd2 Bf8 13.Bd3 g6 14.Bc2 Bg7 15.a4 Qc7
16.dxe5 dxe5 17.Qe2 Nc5 18.b3 Ne6 19.g3 h6 20.Nf1 Kh7 21.Ne3 c5 22.axb5 axb5
23.Rxa8 Rxa8 24.Ng4 Nxg4 25.hxg4 b4 26.cxb4 cxb4 27.Bb2 Nd4 28.Bxd4 exd4
29.Bd3 Bc8 30.g5 Qc3 31.gxh6 Bxh6 32.Rb1 Bg4 33.Kg2 Ra5 34.Rh1 Kg7 35.Bc4 Bg5
36.Qd3 Bf6 37.Rd1 Rh5 38.Rb1 Rc5 39.Ne1 Bd7 40.Nf3 Bc6 41.Qe2  1/2-1/2

[Event "NOR-chT"]
[Site "Vettre"]
[Date "1993.??.??"]
[Round "5"]
[White "Bern, Ivar"]
[Black "Ludvigsen, Frode"]
[Result "1-0"]
[WhiteElo "2395"]
[BlackElo "2330"]

1.e4 d6 2.d4 Nf6 3.Nc3 c6 4.f4 Qa5 5.Bd3 e5 6.Nf3 Bg4 7.Be3 d5 8.fxe5 Nxe4
9.O-O Nxc3 10.Qe1 Nd7 11.bxc3 h6 12.Nh4 Be6 13.Bf5 Ba3 14.Bxe6 fxe6 15.Ng6 Rg8
16.Rb1 O-O-O 17.Rf7 b5 18.Bd2 Qa4 19.Rb3 Rde8 20.c4 bxc4 21.Rxa3 Qxa3 22.Bb4 Qb2
23.c3 c5 24.dxc5 Kc7 25.Rf2  1-0

[Event "Vicente Lopez op"]
[Site "Vicente Lopez"]
[Date "1993.??.??"]
[Round "6"]
[White "Dos Santos, Freire Ramiro"]
[Black "Garbarino, Rodolfo"]
[Result "0-1"]
[WhiteElo "2075"]
[BlackElo "2405"]

1.e4 d6 2.d4 Nf6 3.Nc3 c6 4.Nf3 Qa5 5.Bd2 e5 6.Nd5 Qd8 7.Nxf6+ Qxf6 8.dxe5 dxe5
9.Bg5 Qd6 10.Bc4 f6 11.Qxd6 Bxd6 12.Be3 Nd7 13.Nd2 Bc5 14.Bxc5 Nxc5 15.f3 Ke7
16.Nb3 Na4 17.O-O-O b5 18.Be2 a5 19.g3 Be6 20.Nd2 Rhd8 21.a3 b4 22.axb4 axb4
23.Nc4 Nc3 24.bxc3 bxc3 25.Nd2 Ra1+ 26.Nb1 Rb8  0-1

[Event "Vicente Lopez op"]
[Site "Vicente Lopez"]
[Date "1993.??.??"]
[Round "7"]
[White "Bronstein, Luis"]
[Black "Garbarino, Rodolfo"]
[Result "1/2-1/2"]
[WhiteElo "2425"]
[BlackElo "2405"]

1.e4 d6 2.d4 Nf6 3.Nc3 c6 4.Nf3 g6 5.a4 Bg7 6.h3 O-O 7.Be3 d5 8.e5 Ne4 9.Bd3 Nxc3
10.bxc3 c5 11.O-O Nc6 12.dxc5 Nxe5 13.Nxe5 Bxe5 14.Bd4 Qc7 15.Qe1 Bh2+ 16.Kh1 e5
17.Kxh2 exd4+ 18.f4 Qxc5 19.Qf2 Qxc3 20.f5 Bd7 21.Qf4 Rac8 22.Qh6 Rc6 23.f6 Rxf6
24.Rxf6 Qxa1 25.Bxg6 hxg6  1/2-1/2

[Event "Vilnius zt"]
[Site "Vilnius"]
[Date "1993.??.??"]
[Round "?"]
[White "Novikov, Vitalij"]
[Black "Ruzele, Darius"]
[Result "0-1"]
[WhiteElo "2270"]
[BlackElo "2500"]

1.e4 d6 2.d4 Nf6 3.Nc3 Nbd7 4.Nf3 e5 5.Bc4 Be7 6.O-O O-O 7.Re1 c6 8.a4 Qc7
9.h3 b6 10.Nh4 exd4 11.Qxd4 Ne5 12.Bf1 Re8 13.Nf5 Bxf5 14.exf5 Qc8 15.Bf4 Qxf5
16.Bxe5 dxe5 17.Qxe5 Qxc2 18.Re2 Qb3 19.Rae1 Bb4 20.Qc7 Rec8 21.Qb7 h6 22.Rc1 Bc5
23.a5 Re8 24.Qxc6 Rxe2 25.Bxe2 Re8 26.Qb5 Qe6 27.Bf3 Bxf2+ 28.Kf1 Bc5 29.Qd3 Qe5
30.Na4 Qh2  0-1

[Event "Vilnius zt"]
[Site "Vilnius"]
[Date "1993.??.??"]
[Round "?"]
[White "Sepp, Olav"]
[Black "Sokolovs, Andrei"]
[Result "1/2-1/2"]
[WhiteElo "2390"]
[BlackElo "2480"]

1.e4 d6 2.d4 Nf6 3.Nc3 e5 4.dxe5 dxe5 5.Qxd8+ Kxd8 6.Bc4 Be6 7.Bxe6 fxe6
8.Be3 Bd6 9.O-O-O Ke7 10.Nf3 a6 11.Nd2 Nc6 12.Nb3 h6 13.f3 Nd7 14.Rhf1 b5  1/2-1/2

[Event "Warsaw op"]
[Site "Warsaw"]
[Date "1993.??.??"]
[Round "6"]
[White "Borysiak, Boguslaw"]
[Black "Dworakowska, Joanna"]
[Result "1-0"]
[WhiteElo "2285"]
[BlackElo "2120"]

1.d4 Nf6 2.Nc3 d6 3.e4 e5 4.f3 Nbd7 5.Be3 g6 6.Qd2 Bg7 7.O-O-O O-O 8.Kb1 c6
9.g4 b5 10.h4 h5 11.Bh6 exd4 12.Bxg7 Kxg7 13.Qxd4 Kg8 14.Qxd6 Qb6 15.Bh3 b4
16.Na4 Qb5 17.b3 hxg4 18.Bf1 Qb8 19.Qd4 gxf3 20.Nxf3 c5 21.Qg1 Nxe4 22.h5 Qg3
23.hxg6 fxg6 24.Bd3 Ndf6 25.Qxg3 Nxg3 26.Bxg6 Be6 27.Nxc5 Bg4 28.Rhg1 Bxf3
29.Rxg3 Bg4 30.Bf5  1-0

[Event "Warsaw op"]
[Site "Warsaw"]
[Date "1993.??.??"]
[Round "6"]
[White "Sadowski, Miroslaw"]
[Black "Gawronski, Miroslaw"]
[Result "0-1"]
[WhiteElo "2220"]
[BlackElo "2275"]

1.e4 d6 2.d4 Nf6 3.Nc3 c6 4.a4 Qc7 5.Bc4 e5 6.Nge2 Be7 7.f3 b6 8.Qd3 a6 9.d5 Bb7
10.dxc6 Nxc6 11.Bb3 Nb4 12.Qd1 Rd8 13.Nd5 Nfxd5 14.exd5 Bxd5 15.Bxd5 Nxc2+
16.Kf1 Nxa1 17.Nc3 b5 18.axb5 axb5 19.Bd2 b4 20.Qa4+ Kf8 21.Qxa1 bxc3 22.Bxc3 g6
23.Ke2 Qb6 24.Rd1 Kg7 25.Qa4 Rb8 26.Qe4 f5 27.Qd3 Rhc8 28.Bc4 Qc5 29.Rc1 Bg5
30.Rc2 Qg1 31.Qxd6 Qxg2+ 32.Kd1 Qg1+ 33.Ke2 Qe3+  0-1

[Event "Wijk op"]
[Site "Wijk aan Zee"]
[Date "1993.??.??"]
[Round "6"]
[White "Hodgson, Julian M"]
[Black "Azmaiparashvili, Zurab"]
[Result "1-0"]
[WhiteElo "2565"]
[BlackElo "2655"]

1.d4 d6 2.e4 Nf6 3.Nc3 e5 4.dxe5 dxe5 5.Qxd8+ Kxd8 6.Bc4 Ke8 7.Nf3 Bd6 8.Be3 a6
9.a4 Bd7 10.Ng5 Rf8 11.Nd5 Nxd5 12.Bxd5 c6 13.Bb3 h6 14.O-O-O Bc7 15.Nf3 Bg4
16.Bc5 Rg8 17.Bd6 Bxd6 18.Rxd6 Nd7 19.Rhd1 Nf6 20.Nxe5 Bxd1 21.Bxf7+ Ke7
22.Re6+ Kf8 23.Kxd1 Rd8+ 24.Ke1 Nxe4 25.Bxg8 Ng5 26.f4 Nxe6 27.Bxe6 Rd4 28.Ng6+ Ke8
29.Bb3 b5 30.c3 Rd6 31.Ne5 Ke7 32.Ke2 Rf6 33.g3 Kd6 34.Ke3 Rf8 35.Ke4 c5
36.Nf7+ Kc7 37.axb5 Rb8 38.Be6 axb5 39.Kd5 b4 40.Kxc5 bxc3 41.bxc3 Rb2 42.Nd6 Rxh2
43.Ne8+ Kd8 44.Nxg7 Re2 45.Kd4 Ke7 46.Bg4 Rh2 47.Kd3 Kf6 48.Nh5+ Ke7 49.Be2 Rh3
50.Ke3 Kd6 51.Bf3 Ke7 52.c4  1-0

[Event "Zagreb zt (Women)"]
[Site "Zagreb"]
[Date "1993.??.??"]
[Round "1"]
[White "Puljek Salai, Zorica"]
[Black "Klinova, Masha"]
[Result "0-1"]
[WhiteElo "2185"]
[BlackElo "2215"]

1.e4 d6 2.d4 Nf6 3.Nc3 c6 4.Nf3 Bg4 5.Be2 e6 6.O-O Be7 7.Re1 O-O 8.h3 Bh5
9.e5 dxe5 10.Nxe5 Bxe2 11.Nxe2 Nbd7 12.Bg5 h6 13.Bh4 Nxe5 14.dxe5 Nd7 15.Bxe7 Qxe7
16.Ng3 Rfd8 17.Qg4 Qc5 18.Qe4 Nb6 19.Rad1 Rd5 20.Nh5 Qc4 21.Rxd5 cxd5 22.Qe3 Qxc2
23.Rc1 Qxb2 24.Rc7 Nc4 25.Qf4 Qb1+ 26.Kh2 Qg6 27.g4 b5 28.Ng3 a5 29.h4 Rf8
30.Kg2 b4 31.h5 Qg5 32.Qd4 Qd8 33.Qa7 Nxe5  0-1

[Event "Zagreb zt (Women)"]
[Site "Zagreb"]
[Date "1993.??.??"]
[Round "3"]
[White "Djeno, Mara"]
[Black "Klinova, Masha"]
[Result "0-1"]
[WhiteElo "2130"]
[BlackElo "2215"]

1.e4 d6 2.d4 Nf6 3.Nc3 c6 4.f3 Nbd7 5.Be3 e5 6.dxe5 dxe5 7.Bc4 b5 8.Bb3 Be7
9.Nge2 Qc7 10.O-O O-O 11.Kh1 Nc5 12.Qe1 a5 13.Bxc5 Bxc5 14.a3 Ba6 15.Nd1 Rad8
16.Nf2 Be3 17.Rd1 Rxd1 18.Nxd1 Bh6 19.g4 a4 20.Ba2 Rd8 21.Rg1 Bd2 22.Qh4 h6
23.Qf2 Nh7 24.h4 Qe7 25.Kg2 b4 26.Ng3 Qxh4 27.Bxf7+ Kxf7 28.Qa7+ Kg8 29.Nf5 Qf6
30.Qxa6 bxa3 31.bxa3 Bf4 32.Qxa4 g6 33.Nfe3 Qh4 34.Qc4+ Kh8 35.Qe2 Ng5 36.Nf1 Qh3+
37.Kf2 Qxf3+ 38.Qxf3 Nxf3 39.Kxf3 Rxd1 40.Ke2 Ra1 41.Kd3 Rxa3+ 42.c3 Ra1
43.Rh1 Re1 44.Rg1 Kg7 45.Kc4 Rxe4+ 46.Kc5 Re1 47.Kxc6 Rc1 48.Kd5 Rxc3 49.Rg2 Kf6
50.Ke4 Rc1 51.Nd2 Rc2  0-1

[Event "Zouberi zt"]
[Site "Zouberi"]
[Date "1993.??.??"]
[Round "5"]
[White "Kotronias, Vasilios"]
[Black "Soylu, Suat"]
[Result "1/2-1/2"]
[WhiteElo "2530"]
[BlackElo "2340"]

1.e4 d6 2.d4 Nf6 3.Nc3 e5 4.Nf3 Nbd7 5.Bc4 Be7 6.O-O O-O 7.a4 c6 8.h3 a5
9.Re1 Re8 10.Be3 h6 11.Qd2 exd4 12.Qxd4 Nc5 13.Rad1 Be6 14.Bxe6 Nxe6 15.Qc4 Nd7
16.Ne2 Bf8 17.Ng3 g6 18.b3 Qf6 19.e5 Nxe5 20.Nxe5 dxe5 21.Rd7 Re7 22.Red1 Nd4
23.Ne4 Qg7 24.Rxe7 Bxe7 25.c3 b5 26.axb5 cxb5 27.Qc7 Nf5 28.Qb7 Qf8 29.Qxb5 Qb8
30.Bb6 Qb7 31.Qd5 Qxd5 32.Rxd5 a4 33.b4 a3 34.Rd1 a2 35.Ba5 Nd6 36.Nxd6 Bxd6
37.Ra1 Rc8 38.Rxa2 Rxc3 39.Rd2 Rc1+ 40.Kh2 Bc7 41.Bxc7 Rxc7 42.Rb2 Rb7 43.g4 f5
44.Kg3 Kf7 45.gxf5 gxf5 46.b5 Rb6 47.Rb4  1/2-1/2